000 01272nam a2200265 i 4500
001 bg
245 0 0 _aGospodarka, przestrzeń, środowisko :
_brestrukturyzacja transformacyjna i rozwój regionów w perspektywie procesu jednoczenia się Europy : materiały z II Ogólnopolskiej Konferencji zorganizowanej przez Katedrę Polityki Ekonomicznej i Rozwoju Lokalnego pod patronatem Komitetu Przestrzennego Zagospodarowania Kraju Polskiej Akademii Nauk /
_cpod red. Stanisława Leszka Bagdzińskiego i Marii Marszałkowskiej ; Uniwersytet Mikołaja Kopernika.
260 _aToruń :
_bUMK. Wydaw.,
_c1998.
300 _a555 s. :
_bfot., mapy., wykr. ;
_c24 cm.
500 _aStreszcz. ang.
504 _aBibliogr. przy ref.
650 9 _aRegionalizacja gospodarcza
_xpolityka
_zEuropa Zachodnia
_yod 1989 r.
650 9 _aRegionalizacja gospodarcza
_xpolityka
_zPolska
_yod 1989 r.
655 _aMateriały konferencyjne
700 1 _aBAGDZIŃSKI, Stanisław Leszek.
_eRed.
700 1 _aMARSZAŁKOWSKA, Maria.
_eRed.
710 0 _aUniwersytet Mikołaja Kopernika (Toruń)
020 _a8323109672
040 _cBPK
041 0 _apl
_ben
080 _a332.1(4:438)"1989/..."(061)
920 _a83-231-0967-2
942 _cKS
008 s pl f |000 0 pol
999 _c42393
_d42393
856 _uhttp://koha.tu.koszalin.pl/cgi-bin/koha/opac-detail.pl?biblionumber=42393
_yKatalog online BPK